| 000 | 00732nam a22001577a 4500 | ||
|---|---|---|---|
| 003 | OSt | ||
| 005 | 20151005144701.0 | ||
| 008 | 151005b xxu||||| |||| 00| 0 eng d | ||
| 040 | _cRUA | ||
| 082 | _aAVM KHU 2001 B072 Or.1 | ||
| 100 |
_92048 _aKHUT, KHUN CHAKREY. |
||
| 245 | _aThe fertility rate of pigs artificial insemination in cheavacpheaptmey chroychangwa farm, អត្រាបង្កកំណើតនៃការបង្កាត់ពូជដោយសិប្បនិម្មិត នៅកសិដ្ឋានបង្កាត់ពូជជ្រូកជីវភាពថ្មីជ្រោយចង្វារ | ||
| 260 |
_aPhnom Penh _bRUA _c2001 |
||
| 300 |
_aix; 47p. _bill. _c29cm. |
||
| 942 |
_2ddc _cAVM |
||
| 999 |
_c1934 _d1934 |
||